000 00715nam a2200229 a 4500
999 _c11016
_d11016
001 11016
003 BD-JhCC
005 20190725111804.0
008 190725b 2018bg |||| ||a| 000 0 ben d
020 _a9789849311201
035 _a(BD-JhCC)11016
040 _aBD-JhCC
_dBD-JhCC
041 _aben
082 _a954.9205
_bAJI 2018
100 _aআজিজ, আবদুল
245 _aসংগ্রাম ও স্বাধীনতা /
_cআবদুল আজিজ ।
260 _aঢাকাঃ
_bরোদেলা;
_c২০১৮ .
300 _a২৭১ পৃঃ . :
_c22 সেমি.
650 _aLiberation
_y1971
_zBangladesh
_zJhenaidah
942 _2ddc
_cBK